[Event "Tiznit rapid op"]
[Site "Tiznit"]
[Date "2019.07.27"]
[Round "3"]
[White "Daoudi, Kamal"]
[Black "Tachfine, Anouar"]
[Result "1-0"]
[WhiteElo "2171"]
[BlackElo "1968"]
[PlyCount "107"]
[EventDate "2019.07.27"]
[EventType "swiss (rapid)"]
[EventRounds "9"]
[EventCountry "MAR"]
[SourceTitle "CBM 191 Extra"]
[Source "ChessBase"]
[SourceDate "2019.09.30"]
[SourceVersion "1"]
[SourceVersionDate "2019.09.30"]
[SourceQuality "1"]

1. e4 Nc6 2. Nf3 e5 3. Bb5 Nf6 4. 0-0 Be7 5. Re1 d6 6. c3 0-0 7. h3 a6 8. Bf1 h6 9. d4 Nh7 10. Na3 Kh8 11. Nc4 Bf6 12. a4 Re8 13. Ra3 Ng5 14. d5 Nb8 15. Rb3 Nd7 16. Nxg5 Bxg5 17. a5 Bxc1 18. Qxc1 Nf8 19. Re3 Ng6 20. Rg3 Qh4 21. Rb4 Rb8 22. Ne3 Bd7 23. c4 Nf4 24. c5 Rec8 25. Kh2 Kh7 26. Rxb7 Rxb7 27. c6 Ra7 28. cxd7 Rg8 29. Qc6 g6 30. Rf3 Qe7 31. g3 Nh5 32. Bxa6 Rd8 33. Bc8 Nf6 34. Ng4 Ng8 35. b4 h5 36. Ne3 Nf6 37. Nc4 Nxd7 38. Bb7 Nb8 39. Qb5 Kg7 40. a6 Qd7 41. Qa5 Rf8 42. Na3 Rxb7 43. axb7 c6 44. Qb6 cxd5 45. exd5 e4 46. Rc3 Qf5 47. Qd4+ Kh7 48. Nb5 Rd8 49. Rc8 Rxc8 50. Nxd6 Rd8 51. Nxf5 gxf5 52. Qf6 Rd7 53. Qxf5+ Kg7 54. Qe5+ 1-0

[Event "El Ksiba op"]
[Site "El Ksiba"]
[Date "2019.04.11"]
[Round "6"]
[White "Tachfine, Anouar"]
[Black "Van Zyl Rudd, Jack"]
[Result "0-1"]
[WhiteElo "1943"]
[BlackElo "2310"]
[PlyCount "90"]
[EventDate "2019.04.08"]
[EventType "swiss"]
[EventRounds "9"]
[EventCountry "MAR"]
[SourceTitle "CBM 189 Extra"]
[Source "ChessBase"]
[SourceDate "2019.06.03"]
[SourceVersion "1"]
[SourceVersionDate "2019.06.03"]
[SourceQuality "1"]

1. e4 Nc6 2. d4 d5 3. e5 Bf5 4. Ne2 e6 5. Ng3 Bg6 6. Bd3 Bxd3 7. Qxd3 Qd7 8. c3 f6 9. f4 0-0-0 10. b4 h5 11. a4 h4 12. Ne2 g5 13. b5 Na5 14. fxg5 fxe5 15. dxe5 Nb3 16. Ra2 Nxc1 17. Nxc1 Qf7 18. Rf2 Qg7 19. Qe3 Kb8 20. 0-0 Ne7 21. Ne2 Nf5 22. Qf4 Bc5 23. Nd4 Qg6 24. Nd2 Rhf8 25. Qg4 Ne3 26. Rxf8 Bxf8 27. Qxh4 Nxf1 28. Nxf1 Bc5 29. Qg4 Qd3 30. Qf3 Bxd4+ 31. cxd4 Qxd4+ 32. Qe3 Qxa4 33. Qd3 Qf4 34. Qg3 Qf5 35. h4 d4 36. h5 Rg8 37. h6 Qxg5 38. Qh3 Rh8 39. Qxe6 Qxh6 40. Qf5 Rf8 41. Qd3 Qc1 42. e6 Qe1 43. e7 Qxe7 44. Qxd4 Qe1 45. Kh1 Qxf1+ 0-1

[Event "Rabat Blitz Marathon 6th"]
[Site "Rabat"]
[Date "2015.05.16"]
[Round "2"]
[White "Van Wely, Loek"]
[Black "Tachfine, Anouar"]
[Result "1-0"]
[WhiteElo "2653"]
[BlackElo "1974"]
[PlyCount "36"]
[EventDate "2015.05.16"]
[EventType "swiss (blitz)"]
[EventRounds "21"]
[EventCountry "MAR"]
[SourceTitle "CBM 166 Extra"]
[Source "ChessBase"]
[SourceDate "2015.06.18"]
[SourceVersion "1"]
[SourceVersionDate "2015.06.18"]
[SourceQuality "1"]

1. d4 Nf6 2. c4 e6 3. Nf3 d5 4. Nc3 Be7 5. Bg5 b6 6. e3 Bb7 7. Rc1 0-0 8. cxd5 Nxd5 9. Bxe7 Qxe7 10. Bd3 a6 11. 0-0 Qd6 12. Bxh7+ Kxh7 13. Ng5+ Kg6 14. Qg4 Nf6 15. Qh4 Nbd7 16. Ne2 Rh8 17. Nf4+ Kf5 18. Qg3 Nh5 1-0